| 000 | 00491nam a22001457a 4500 | ||
|---|---|---|---|
| 005 | 20250730110307.0 | ||
| 008 | 250730b |||||||| |||| 00| 0 eng d | ||
| 050 |
_aRES HD 39 .5 .N394 2017 _bC. 1 |
||
| 100 | _aMAKORI, NDEGE DOMINIC | ||
| 245 |
_aFACTORS AFFECTING PROCUREMENT PRACTICES ON THE PERFORMANCE OF DEVOLVED PARASTATALS _bA CASE STUDY OF KENYA POWER, KISII COUNTY |
||
| 260 |
_aKISII _bKSU _c2017 |
||
| 300 | _aIX, 33P., ILL: | ||
| 500 | _aINCLUDES REFERENCES | ||
| 942 |
_2lcc _cREF |
||
| 999 |
_c215980 _d215980 |
||